000 00285nam a2200121 i 4500
001 bg
245 0 _aSobornik rabot po uravnenijam matematiceskoj fiziki 3.
260 _aTbilisi,
_c1971.
040 _cBPK
041 _apol
942 _cKS
008 s pl f |000 0 pol
999 _c14149
_d14149
856 _uhttp://koha.tu.koszalin.pl/cgi-bin/koha/opac-detail.pl?biblionumber=14149
_yKatalog online BPK